<?xml version="1.0" encoding="UTF-8"?>
<record
    xmlns:xsi="http://www.w3.org/2001/XMLSchema-instance"
    xsi:schemaLocation="http://www.loc.gov/MARC21/slim http://www.loc.gov/standards/marcxml/schema/MARC21slim.xsd"
    xmlns="http://www.loc.gov/MARC21/slim">

  <leader>03942nam a2200589Ia 4500</leader>
  <controlfield tag="001">5900</controlfield>
  <controlfield tag="008">241029s9999    xx            000 0 und d</controlfield>
  <datafield tag="010" ind1=" " ind2=" ">
    <subfield code="a">5544</subfield>
  </datafield>
  <datafield tag="041" ind1=" " ind2=" ">
    <subfield code="a">Espa&#xF1;ol</subfield>
  </datafield>
  <datafield tag="082" ind1=" " ind2=" ">
    <subfield code="a">FCR-00172</subfield>
  </datafield>
  <datafield tag="245" ind1=" " ind2="0">
    <subfield code="a">Aplicaci&#xF3;n de estrategias para la iniciaci&#xF3;n de la lectura y escritura en los estudiantes de Pre-primario A, en el Centro Educativo Gricelis  Mart&#xED;nez del Distrito Educativo 08-03, Santiago, a&#xF1;o escolar 2018-2019.</subfield>
  </datafield>
  <datafield tag="260" ind1=" " ind2=" ">
    <subfield code="a">Santiago</subfield>
  </datafield>
  <datafield tag="300" ind1=" " ind2=" ">
    <subfield code="a">127</subfield>
  </datafield>
  <datafield tag="520" ind1=" " ind2=" ">
    <subfield code="a">71</subfield>
  </datafield>
  <datafield tag="630" ind1=" " ind2=" ">
    <subfield code="a">Adaptaci&#xF3;n Estudiantil</subfield>
  </datafield>
  <datafield tag="630" ind1=" " ind2=" ">
    <subfield code="a">Estrategia</subfield>
  </datafield>
  <datafield tag="630" ind1=" " ind2=" ">
    <subfield code="a">Estrategia Docente</subfield>
  </datafield>
  <datafield tag="630" ind1=" " ind2=" ">
    <subfield code="a">Estrategias Pedag&#xF3;gicas</subfield>
  </datafield>
  <datafield tag="630" ind1=" " ind2=" ">
    <subfield code="a">Lectoescritura</subfield>
  </datafield>
  <datafield tag="650" ind1=" " ind2=" ">
    <subfield code="a">Nivel Inicial</subfield>
  </datafield>
  <datafield tag="690" ind1=" " ind2=" ">
    <subfield code="a">Copiado sin cambios</subfield>
  </datafield>
  <datafield tag="700" ind1=" " ind2=" ">
    <subfield code="e">asesor</subfield>
    <subfield code="a"> Gabot, Martha Teresa</subfield>
  </datafield>
  <datafield tag="700" ind1=" " ind2=" ">
    <subfield code="e">autor</subfield>
    <subfield code="a"> Alm&#xE1;nzar, Ana Esthefan&#xED;a </subfield>
  </datafield>
  <datafield tag="700" ind1=" " ind2=" ">
    <subfield code="e">autor</subfield>
    <subfield code="a"> Camacho, Eusebia </subfield>
  </datafield>
  <datafield tag="700" ind1=" " ind2=" ">
    <subfield code="e">autor</subfield>
    <subfield code="a"> Concepci&#xF3;n ,  Yuly Maryelin </subfield>
  </datafield>
  <datafield tag="901" ind1=" " ind2=" ">
    <subfield code="a">{"1":" Alm&#xE1;nzar","2":" Camacho","3":" Concepci&#xF3;n "}</subfield>
    <subfield code="b">{"1":"Ana Esthefan&#xED;a ","2":"Eusebia ","3":" Yuly Maryelin "}</subfield>
  </datafield>
  <datafield tag="902" ind1=" " ind2=" ">
    <subfield code="a">1</subfield>
  </datafield>
  <datafield tag="903" ind1=" " ind2=" ">
    <subfield code="a">{"1":" Gabot"}</subfield>
    <subfield code="b">{"1":"Martha Teresa"}</subfield>
  </datafield>
  <datafield tag="904" ind1=" " ind2=" ">
    <subfield code="a">Mag&#xED;ster en</subfield>
  </datafield>
  <datafield tag="905" ind1=" " ind2=" ">
    <subfield code="a">Educaci&#xF3;n Inicial</subfield>
  </datafield>
  <datafield tag="906" ind1=" " ind2=" ">
    <subfield code="a">2</subfield>
  </datafield>
  <datafield tag="907" ind1=" " ind2=" ">
    <subfield code="a">NO APLICA</subfield>
  </datafield>
  <datafield tag="908" ind1=" " ind2=" ">
    <subfield code="a">NO APLICA</subfield>
  </datafield>
  <datafield tag="909" ind1=" " ind2=" ">
    <subfield code="a">Universidad Abierta para Adultos (UAPA), Recinto Santiago</subfield>
  </datafield>
  <datafield tag="910" ind1=" " ind2=" ">
    <subfield code="a">NULL</subfield>
    <subfield code="b">NULL</subfield>
  </datafield>
  <datafield tag="911" ind1=" " ind2=" ">
    <subfield code="a">["1"]</subfield>
  </datafield>
  <datafield tag="912" ind1=" " ind2=" ">
    <subfield code="a">NO APLICA</subfield>
  </datafield>
  <datafield tag="913" ind1=" " ind2=" ">
    <subfield code="a">NULL</subfield>
  </datafield>
  <datafield tag="914" ind1=" " ind2=" ">
    <subfield code="a">02 de Enero de 2019</subfield>
  </datafield>
  <datafield tag="915" ind1=" " ind2=" ">
    <subfield code="a">11/11/19 01:11</subfield>
  </datafield>
  <datafield tag="916" ind1=" " ind2=" ">
    <subfield code="a">NULL</subfield>
  </datafield>
  <datafield tag="917" ind1=" " ind2=" ">
    <subfield code="a">NULL</subfield>
  </datafield>
  <datafield tag="918" ind1=" " ind2=" ">
    <subfield code="a">NO APLICA</subfield>
  </datafield>
  <datafield tag="919" ind1=" " ind2=" ">
    <subfield code="a">["8","92","94","245","128"]</subfield>
  </datafield>
  <datafield tag="520" ind1=" " ind2=" ">
    <subfield code="a">En nuestro pa&#xED;s la iniciaci&#xF3;n de la lectura y escritura se hab&#xED;a despojado del Nivel Inicial (alfabetizaci&#xF3;n temprana), tomando en cuenta la importancia que est&#xE1; adquiriendo en los &#xFA;ltimos tiempos la ense&#xF1;anza de la lectura y escritura se suma en la actualidad desde el Nivel Inicial hasta primaria (alfabetizaci&#xF3;n inicial).&#xA0;Una de las grandes preocupaciones para las educadoras del Nivel Inicial es &#xBF;c&#xF3;mo ayudar a los ni&#xF1;os y ni&#xF1;as de cinco a&#xF1;os a leer y escribir? De ah&#xED; surgen algunas interrogantes como: &#xBF;Qu&#xE9; hago para tener un ambiente enriquecido? &#xBF;Cu&#xE1;les actividades favorecen el desarrollo de la alfabetizaci&#xF3;n temprana? Estas y otras interrogantes van surgiendo como educadoras que est&#xE1;n siempre abiertas a todo aquello que pueda enriquecer el accionar pedag&#xF3;gico.Esta investigaci&#xF3;n se basa en aplicar estrategias para favorecer en los estudiantes del Pre-primario A, del Centro Educativo Gricelis Mart&#xED;nez la iniciaci&#xF3;n de la lectura y la escritura. Esta propuesta busca realizar diversas actividades donde se promueva la lectura y la escritura de una manera din&#xE1;mica.&#xA0;La metodolog&#xED;a utilizada fue la investigaci&#xF3;n-acci&#xF3;n, con un enfoque cualitativo, guiado por el modelo Kemmis. Para su realizaci&#xF3;n se trabajaron planificaciones de talleres y realizaci&#xF3;n de los mismos. El objetivo de esta investigaci&#xF3;n fue: aplicaci&#xF3;n de estrategias para la iniciaci&#xF3;n en la lectura y escritura en el Pre-primario A.&#xA0;Se logr&#xF3; implementar las estrategias realizando diversas actividades (talleres) donde los estudiantes pudieron participar de las actividades. De esta manera, la docente y la coordinadora del nivel pudieron percibir las ventajas de las estrategias y poder dar su punto de vista. Este proyecto de investigaci&#xF3;n permiti&#xF3;, no solo aplicar estrategias para la iniciaci&#xF3;n de la lectura y la escritura. Sino tambi&#xE9;n crear materiales did&#xE1;cticos, ambientar la zona de biblioteca y hacer de su salud de clases un lugar letrado. Y a la vez, desarrollar competencias comunicativas y de planificaci&#xF3;n para todo el equipo investigador y la docente de inicial.&#xA0;Palabras claves: estrategias, lectura, escritura, planificaci&#xF3;n, ambientaci&#xF3;n.</subfield>
  </datafield>
  <datafield tag="921" ind1=" " ind2=" ">
    <subfield code="a">69</subfield>
  </datafield>
  <datafield tag="922" ind1=" " ind2=" ">
    <subfield code="a">69</subfield>
  </datafield>
  <datafield tag="923" ind1=" " ind2=" ">
    <subfield code="a">1</subfield>
  </datafield>
  <datafield tag="924" ind1=" " ind2=" ">
    <subfield code="a">20191013123517</subfield>
  </datafield>
  <datafield tag="942" ind1=" " ind2=" ">
    <subfield code="c">Tesis</subfield>
  </datafield>
  <datafield tag="999" ind1=" " ind2=" ">
    <subfield code="c">5544</subfield>
    <subfield code="d">5544</subfield>
  </datafield>
</record>
